000 01419nam a22003737a 4500
003 CHAP
005 20220817040959.0
008 971013s1990 r 00010 d
010 _a3917
011 _a4889
035 _a4093
040 _cCHAP
082 _a641
_bF3 v.41/2
110 _aFAO
245 _aResidues of some veterinary durgs in animals and foods
_b: albendazole, dimetridazole, diminazene aceturate, ipronidazole, isometamidium chloride, metronidazole, ronidazole, sulfadimidine, sulfadimidine, sulfathiazole, trenbolonce acetate
260 _aRome :
_bFAO,
_c1990
300 _a106 p.
_b: gráf.
490 _aFAO. Alimentación y nutrición
_v; 41/2
590 _aBATCH-UPD
_b10
_c20130110
_lUCH01
_h0231
590 _aBATCH-UPD
_b10
_c20130110
_lUCH01
_h0926
590 _aBATCH-UPD
_b10
_c20130409
_lUCH01
_h2254
590 _aBATCH-UPD
_b10
_c20130410
_lUCH01
_h1128
590 _aBATCH-UPD
_b10
_c20130914
_lUCH01
_h0116
590 _aCONVERSION
_b10
_c20130109
_lUCH01
_h1303
650 1 4 _aAlimentos
_xContaminación.
_94205
650 1 4 _aHormonas
_xEfecto en animales domésticos.
_956236
650 1 4 _aResíduos químicos.
_996149
650 1 4 _aToxicología veterinaria.
_9114457
650 1 4 _aVeterinaria
_xMedicamentos.
_9119002
830 0 _aFAO. Alimentación y nutrición
_v; 41/2
_939449
901 _aBK
942 _cLIBRO
949 _a641 F3 v.41/2
_bBC
_cFAO
_d-13624
_eFAO1
_h80374
_i4093
_mD
_si
999 _c3917
_d3917